| 000 | 00690nam a2200217 4500 | ||
|---|---|---|---|
| 003 | OSt | ||
| 005 | 20260530115308.0 | ||
| 008 | 260504b1987 mx |||| |||| 00| 0 spa d | ||
| 020 | _a9681823680 (v.1) | ||
| 040 |
_aICI _bspa _cICI |
||
| 050 |
_aTH1611 _bM35 1987 |
||
| 245 | 0 | 0 | _aManual de construcción en acero |
| 264 | 1 |
_bInstituto Mexicano de la Construccion en Acero : _bLimusa, _c1987 _aMéxico : |
|
| 300 | _avolúmenes | ||
| 336 |
_atexto _2rdacontent |
||
| 337 |
_asin medio _2rdamedia |
||
| 338 |
_avolumen _2rdacarrier |
||
| 650 | 4 |
_aConstrucciones metálicas _vManuales, etc. _932325 |
|
| 710 |
_a Instituto Mexicano de la Construcción en Acero _932326 |
||
| 942 |
_2lcc _cBK _n1 |
||
| 999 |
_c13189 _d13189 |
||